书目信息 |
| 题名: |
学前卫生学
|
|
| 作者: | 万钫 编著 | |
| 分册: | ||
| 出版信息: | 北京 北京师范大学出版社 1994 |
|
| 页数: | 336页 | |
| 开本: | 23cm | |
| 丛书名: | ||
| 单 册: | ||
| 中图分类: | R179 , R174 | |
| 科图分类: | ||
| 主题词: | 学前儿童--儿童少年卫生--高等学校--教材 , 妇幼卫生 | |
| 电子资源: | ||
| ISBN: | 978-7-303-03624-0 | |
| 000 | 00787nam0 2200253 450 | |
| 001 | 1573494040 | |
| 005 | 20150201140223.06 | |
| 010 | @a978-7-303-03624-0@dCNY12.00 | |
| 100 | @a20121109d1994 em y0chiy50 ea | |
| 101 | 0 | @achi |
| 102 | @aCN@b110000 | |
| 105 | @ay z 000yy | |
| 200 | 1 | @a学前卫生学@9xue qian wei sheng xue@f万钫编著 |
| 210 | @a北京@c北京师范大学出版社@d1994 | |
| 215 | @a336页@d23cm | |
| 300 | @a新世纪高等学校教材 学前教育专业系列教材 | |
| 330 | @a本书阐述了小儿生理、生长发育规律、营养、预防疾病、心理健康以及健康教育等内容。 | |
| 606 | 0 | @a学前儿童@x儿童少年卫生@x高等学校@j教材 |
| 606 | 0 | @a妇幼卫生 |
| 690 | @aR179@v5 | |
| 690 | @aR174@v4 | |
| 701 | 0 | @a万钫@9wan fang@c(女,@f1937~)@4编著 |
| 801 | 0 | @aCN@bTSSF@c20150201 |
| 905 | @aZUCC@dR174@eJY2 | |
| 学前卫生学/万钫编著.-北京:北京师范大学出版社,1994 |
| 336页;23cm |
| 新世纪高等学校教材 学前教育专业系列教材 |
| ISBN 978-7-303-03624-0:CNY12.00 |
| 本书阐述了小儿生理、生长发育规律、营养、预防疾病、心理健康以及健康教育等内容。 |
| ● |
| 相关链接 |
|
|
|
|
正题名:学前卫生学
索取号:R174/JY2
 
预约/预借
| 序号 | 登录号 | 条形码 | 馆藏地/架位号 | 状态 | 备注 |
| 1 | 7846643 | 278466438 | 学院路分馆/ [索取号:R174/JY2] | 在馆 | |
| 2 | 7846644 | 278466447 | 学院路分馆/ [索取号:R174/JY2] | 在馆 | |
| 3 | 7861198 | 278611986 | 学院路分馆/ [索取号:R174/JY2] | 在馆 |